00636nam a2200169 a 450000100100000000500170001000800410002702000150006804000250008308200150010810000210012324501070014426000750025130000350032650000730036150400320043400004143820201002034905.0131004s1980 pr ac 000 0 spa d a8449913756 aDO-SdBNPbspacBNPHU axxxbC198c1 aCaso, Fernado H.10aHéctor Campos Parsi en la historia de la música puertorriqueña del siglo XX /cFernando H. Caso. aSan Juan, Puerto Rico :bInstituto de Cultura Puertorriqueña,c1980. a156 p :bil., retrs. ;c24 cm. aIncluye referencias bibliográficas y notas al pie de la páginas. aBibliografía: p. 153-156.